| 000 | 00738nam a22002537a 4500 | ||
|---|---|---|---|
| 003 | CHAP | ||
| 005 | 20220817042153.0 | ||
| 008 | 971013s1964 r 00010 d | ||
| 010 | _a36618 | ||
| 011 | _a37590 | ||
| 035 | _a41710 | ||
| 040 | _cCHAP | ||
| 082 |
_a636.5 _bM49 |
||
| 110 |
_aMéxico. Dirección General de Avicultura y Otras Especies Menores _976961 |
||
| 245 | _aManual práctico de avicultura | ||
| 260 |
_a(México, D.F.) : _bLa Dirección, _c1964 |
||
| 300 | _a55 h | ||
| 590 |
_aBATCH-UPD _b10 _c20130110 _lUCH01 _h2030 |
||
| 590 |
_aCONVERSION _b10 _c20130109 _lUCH01 _h1320 |
||
| 650 | 1 | 4 | _aAvicultura. |
| 901 | _aBK | ||
| 942 | _cLIBRO | ||
| 949 |
_a636.5 M49 _bBC _cLIBRO _d33724000608212 _eLIBRO _h36019 _i41710 _mD _si |
||
| 999 |
_c36618 _d36618 |
||